000 00652nam a2200229Ia 4500
003 OSt
005 20220926042355.0
006 a|||||r|||| 00| 0
007 ta
008 220923b |||||||| |||| 00| 0 eng d
037 _cGeneral Book
040 _aRTL
_cRTL
_beng
041 _2eng
_aeng
082 _aX79F,24.73.N5, K0
100 _aKahn C Harry
_9129770
245 0 _aPersonal deductions in the federal income tax
260 _c1960
490 _aNational Bureau of Economic Research Fiscal Studies,6
650 _aFederal Finance
942 _hX79F,24.73.N5, K0
_cGB
_2CC
999 _c669552
_d669552